Essays on Indian Literature Positions/ (Record no. 177673)
[ view plain ]
| 000 -LEADER | |
|---|---|
| fixed length control field | 00660nam a22001817a 4500 |
| 005 - DATE AND TIME OF LATEST TRANSACTION | |
| control field | 20210225111850.0 |
| 010 ## - LCCN (DPL NO) | |
| LC control number | ENG-129055 |
| 020 ## - INTERNATIONAL STANDARD BOOK NUMBER | |
| Terms of availability | 795.00 |
| International Standard Book Number | 978-93-89136-14-2 |
| 035 ## - SYSTEM CONTROL NUMBER | |
| System control number | EN-112587 |
| 037 ## - SOURCE OF ACQUISITION | |
| Source of stock number/acquisition | DBAD/PUB |
| 082 ## - DEWEY DECIMAL CLASSIFICATION NUMBER | |
| Classification number | 891.1 |
| 100 ## - MAIN ENTRY--PERSONAL NAME | |
| Personal name | Satchidanandan, K. |
| 245 ## - TITLE STATEMENT | |
| Title | Essays on Indian Literature Positions/ |
| Statement of responsibility, etc | K. Satchidanandan |
| 260 ## - PUBLICATION, DISTRIBUTION, ETC. (IMPRINT) | |
| Place of publication, distribution, etc | New Delhi |
| Name of publisher, distributor, etc | Niyogi Books |
| Date of publication, distribution, etc | 2019 |
| 270 ## - ADDRESS | |
| City | New Delhi |
| Address | Block D, Building No. 77, Okhla Industrial Area, Phase-I |
| Postal code | 110020 |
| Telephone number | 11-26816301, 26818960 |
| Electronic mail address | niyogibooks@gmail.com |
| 300 ## - PHYSICAL DESCRIPTION | |
| Extent | 367p. |
| Dimensions | 24cm(hbk) |
| Other physical details | Including bibliographical references and index. |
| 942 ## - ADDED ENTRY ELEMENTS (KOHA) | |
| Source of classification or shelving scheme | Dewey Decimal Classification |
| Item type | English Books |
| Classification part | 891.1 |
| Call number suffix | SAT |
| Withdrawn status | Lost status | Not for loan | Collection code | Home library | Current library | Date acquired | Source of acquisition | Cost, normal purchase price | Full call number | Barcode | Copy number | Cost, replacement price | Koha item type |
|---|---|---|---|---|---|---|---|---|---|---|---|---|---|
| Non-fiction | Ashok Vihar | Ashok Vihar | 25/02/2021 | DBAD/PUB | 795.00 | 891.1 SAT | EN-112587 | 1 | 795.00 | English Books |
